| 000 | 00427nam a22001817a 4500 | ||
|---|---|---|---|
| 003 | MPLRDC | ||
| 005 | 20220104123623.0 | ||
| 008 | 210129b ||||| |||| 00| 0 eng d | ||
| 020 | _a7-5402-0180-0 | ||
| 082 | _a239 MST | ||
| 100 | _a马书田 | ||
| 245 |
_a华夏诸神 _c |
||
| 250 | _a一版一刷 | ||
| 260 |
_a中国 _b北京燕山出版社 _c1990 |
||
| 300 | _b平 | ||
| 650 | _a道教传记 | ||
| 942 |
_cBK _o239 MST |
||
| 999 |
_c12861 _d12851 |
||